[Event "Ruhrgebiet Bezirksliga 16/17"]
[Site "Ruhrgebiet"]
[Date "2016.09.18"]
[Round "2.8"]
[White "Ales Garcia, Jose Luis Gabriel"]
[Black "Langenkaemper, Norbert"]
[Result "1/2-1/2"]
[WhiteElo "1495"]
[BlackElo "1348"]
[PlyCount "34"]
[EventDate "2016.08.28"]
[EventType "team-tourn"]
[EventRounds "11"]
[EventCountry "GER"]
[SourceTitle "EXT 2022"]
[Source "ChessBase"]
[SourceDate "2021.10.06"]
[SourceVersion "1"]
[SourceVersionDate "2021.10.06"]
[SourceQuality "1"]
[WhiteTeam "Hamm SV II"]
[BlackTeam "Luenen Horstmar SC"]
[WhiteTeamCountry "GER"]
[BlackTeamCountry "GER"]

1. e4 c5 2. Nf3 d6 3. d4 cxd4 4. Nxd4 Nf6 5. Nc3 a6 6. Be2 e5 7. Nb3 Be6 8. Be3 Nc6 9. 0-0 Be7 10. f3 0-0 11. Nd5 Bxd5 12. exd5 Nb4 13. c4 a5 14. a3 Na6 15. Qd2 b6 16. f4 Rc8 17. fxe5 dxe5 1/2-1/2